000 00271nam a2200109Ia 4500
008 200302s9999 xx 000 0 und d
100 _aneil Kagan
245 _aBuildings for Commerce and Industry
260 _bAn Architectural Record Book
260 _c1978
300 _a228 P.,
999 _c43
_d43